000 00809nac a22002051u 4500
020 _a9781859649206
082 _a371.30281
_bN968
090 _c4854
_d4854
100 _aNukui, Clare
245 _aCritical thinking/
_cClare Nukui with Jane Brooks
_pCourse book
_nModule 6
260 _aLondon:
_bGarnet pub.,2007
_c2007
300 _a38p.:
_bcol. ill.;
_c26 cm.
440 _aUniversity foundation study
650 _aStudy skills
650 _aLife skills
700 _aBrooks, Jane
942 _cNB
_k371.30281N968
999 _c4854
_d4854